Kleinste Gemeinden Österreichs - Statistiken

Allgemein
  • Dieses Quiz wurde 20 mal gespielt
  • Das Durchschnittsergebnis liegt bei 7 aus 20
Antwortstatistiken
Einwohner Bezirk Gemeinde % Korrekt
41 RE Gramais
81%
78 RE Kaisers
75%
65 RE Namlos
75%
67 GS Tschanigraben
75%
99 LA Spiss
44%
198 GF Aderklaa
38%
94 RE Hinterhornbach
31%
105 RE Pfafflar
31%
127 GF Andlersdorf
25%
140 FK Dünserberg
25%
106 GF Großhofen
25%
171 B Warth
25%
173 GF Parbasdorf
19%
206 B Schröcken
19%
230 IL Unterperfuss
19%
223 LZ Untertilliach
19%
162 NK Bürg-Vöstenhof
13%
227 GS Heugraben
13%
229 GS Kleinmürbisch
13%
179 IL St. Sigmund im Sellrain
13%
Keine übereinstimmenden Quizze gefunden
Verteilung der Resultate
Anzahl Personen mit jedem Resultat
Perzentil nach korrekt beantworteten Fragen
Ihre Resultats-Entwicklung
Sie haben dieses Quiz noch nicht gespielt